书目信息 |
| 书名: | Environmental science | |
| 作者: | Richard T. Wright, Bernard J. Nebel. | |
| 分册号: | ||
| 分册名: | 出版地: | Upper Saddle River, N.J. : |
|
| 出版社: | Prentice Hall | |
| 出版时间: | c2002. | |
| 页数: | xxi, 681 p. : | |
| 开本: | 29 cm. | |
| 丛书名: | ||
| 中图分类号: | ||
| 科图分类号: | ||
| 其他分类号: | X-01 | |
| 主题词: | ||
| 电子资源: | ||
| 000 | 01196cam a2200289 a 450 | |
| 001 | E0732230649 | |
| 005 | 20070426085821.68 | |
| 008 | 010308s2002 njua b 001 0 eng | |
| 010 | @a2001021518 | |
| 020 | @a0130325384. | |
| 040 | @aDLC@cDLC@dDLC | |
| 050 | 00 | @aGE105@b.N42 2002 |
| 082 | 00 | @a363.7@2 21 |
| 090 | @aX-01 | |
| 099 | @dX-01@ex11=8 | |
| 100 | 1 | @aWright, Richard T.,@d1933- |
| 245 | 10 | @aEnvironmental science :@btoward a sustainable future / @cRichard T. Wright, Bernard J. Nebel. |
| 250 | @a8th ed. | |
| 260 | @aUpper Saddle River, N.J. :@bPrentice Hall,@cc2002. | |
| 300 | @axxi, 681 p. :@bcol. ill. ;@c29 cm. | |
| 500 | @aNebel’s name appears first on the previous eds. | |
| 504 | @aIncludes bibliographical references (p. 631-644) and index. | |
| 650 | 0 | @aEnvironmental sciences@vTextbooks. |
| 700 | 1 | @aNebel, Bernard J. |
| 906 | @a7@bcbc@corignew@d1@eocip@f20@gy-gencatlg | |
| 925 | 0 | @aacquire@b2 shelf copies@xpolicy default |
| 955 | @ato SSCD pc16 03-08-01; jp07 03-16-01 sent to subj.; jp99 to SL 03-19-01; jp14; to Dewey 03-21-01; aa07 03-21-01@aps16 2001-09-25 bk rec’d, to CIP ver.@ajp00 2001-09-27@fjp43 2001-10-04 to sl@ejp14 2001-10-09 to BCCD | |
| Environmental science : : toward a sustainable future / / Richard T. Wright, Bernard J. Nebel.-8th ed.-Upper Saddle River, N.J. : : Prentice Hall, , c2002. |
| xxi, 681 p. : : col. ill. ; ; 29 cm. |
| Nebel’s name appears first on the previous eds.-Includes bibliographical references (p. 631-644) and index. |
| ISBN 0130325384. |
| ● |
| 相关链接 |
|
|
|
|
正题名:Environmental science
索取号:X-01/x11=8
 
预约/预借
| 序号 | 登录号 | 条形码 | 馆藏地/架位号 | 状态 | 备注 |
| 1 | 5517 | 300055179 | 第二样本阅览室/ [索取号:X-01/x11=8] | 在馆 | |
| 2 | 5518 | 300055188 | 第四借阅区/ [索取号:X-01/x11=8] | 在馆 |